The unconscious in culture: the structuralism of Claude Lévi-Strauss in perspective = El inconsciente en la cultura: el estructuralismo de Claude Lévi-Strauss en perspectiva /
Guardado en:
| Autor principal: | |
|---|---|
| Formato: | Desconocido |
| Lenguaje: | English |
| Publicado: |
New York :
Dutton,
1974.
|
| Materias: | |
| Etiquetas: |
Agregar Etiqueta
Sin Etiquetas, Sea el primero en etiquetar este registro!
|
MARC
| LEADER | 000000000a22000000004500 | ||
|---|---|---|---|
| 001 | 013333 | ||
| 020 | |a 0525473580 | ||
| 041 | 0 | |a eng | |
| 082 | 0 | 4 | |a 301.2 |b R832u |
| 100 | 1 | |a Rossi, Ino | |
| 245 | 1 | 4 | |a The unconscious in culture: the structuralism of Claude Lévi-Strauss in perspective = |b El inconsciente en la cultura: el estructuralismo de Claude Lévi-Strauss en perspectiva / |c Ino Rossi. |
| 246 | 3 | 1 | |a El inconsciente en la cultura: el estructuralismo de Claude Lévi-Strauss en perspectiva |
| 260 | 1 | |a New York : |b Dutton, |c 1974. | |
| 300 | |a xvii, 487 páginas ; |c 21 cm. | ||
| 650 | 4 | |a LEVI-STRAUSS, CLAUDE, 1908- | |
| 650 | 4 | |a ANTROPOLOGIA ESTRUCTURAL | |
| 500 | |a Colección George Yúdice | ||
| 999 | |c 19261 |d 19261 | ||
| 942 | |c BK |h 301.2 R832u |2 z | ||



